Представление документа в формате RUSMARC

ПолеНазваниеЗначение
  Тип записи c
  Библиографический уровень c
001 Контрольный номер RU/IS/BASE/346948109
005 Дата корректировки 20201206204750.4
010 Индекс ISBN __
d Цена 40-00
101 Язык документа __
a Язык текста rus
200 Заглавие и сведения об ответственности 1_
a Заглавие Брызги шампанского
e Сведения, относящиеся к заглавию попул. песни прошлых лет : для голоса в сопровождении фортепиано (баяна, гитары) : [песенник]
f Первые сведения об ответственности сост. Г. Левдокимов
b Общее обозначение материала Ноты
210 Выходные данные __
a Место издания М.
c Издательство Музыка
d Дата издания 2006
215 Физическое описание __
a Объем 80 с.
330 Аннотация __
a Аннотация Лучшие произведения из репертуара К. Шульженко, П. Лещенко, Г. Виноградова, Л. Утесова, И. Юрьевой, В. Козина.
606 Тематические рубрики __
a Основная рубрика Музыка и зрелищные искусства
606 Тематические рубрики __
a Основная рубрика Инструментальная музыка
606 Тематические рубрики __
a Основная рубрика Вокальная музыка
610 Ключевые слова __
a Ключевые слова нотные издания; ноты; песни; популярные песни
686 Индексы других классификаций __
a Классификационный индекс 85.94я438
702 Вторичная интеллектуальная ответственность _1
a Фамилия Дунаевский
b Имя И.
4 Код отношения Автор
702 Вторичная интеллектуальная ответственность _1
a Фамилия Блантер
b Имя М.
4 Код отношения Автор
702 Вторичная интеллектуальная ответственность _1
a Фамилия Милютин
b Имя Ю.
4 Код отношения Автор
702 Вторичная интеллектуальная ответственность _1
a Фамилия Покрасс
b Имя Д.
4 Код отношения Автор
702 Вторичная интеллектуальная ответственность _1
a Фамилия Строк
b Имя О.
4 Код отношения Автор
702 Вторичная интеллектуальная ответственность _1
a Фамилия Скляров
b Имя Е.
4 Код отношения Автор
801 Источник записи _0
a Страна RU
b Организация Муниципальное бюджетное учреждение культуры "Централизованная библиотечная система" г. Сургут (Центральная городская библиотека им. А. С. Пушкина)
g Правила каталогизации КиК/Котельникова
801 Источник записи _1
a Страна RU
b Организация Муниципальное бюджетное учреждение культуры "Централизованная библиотечная система" г. Сургут (Центральная городская библиотека им. А. С. Пушкина)
g Правила каталогизации КиК/Котельникова
852 Данные о местонахождении __
j Шифр хранения 85.94я438
i Авторский знак Б 89
901 Тип документа __
t Тип документа x
903 Характеристики (МАРС) __
a Дата передачи 20101229
969 Тип издания __
a Тип издания песенник
990 Данные о заказе (DOS) __
j Количество экземпляров (DOS) 1
h N записи в КСУ для Б/У (DOS) 201101